Combating AIDS (Record no. 173829)

MARC details
000 -LEADER
fixed length control field 00578nam a2200205Ia 4500
003 - CONTROL NUMBER IDENTIFIER
control field OSt
005 - DATE AND TIME OF LATEST TRANSACTION
control field 20251106185937.0
008 - FIXED-LENGTH DATA ELEMENTS--GENERAL INFORMATION
fixed length control field 210423s2003 xx 000 0 und d
040 ## - CATALOGING SOURCE
Transcribing agency AL
041 ## - LANGUAGE CODE
Language code of text/sound track or separate title English
082 ## - DEWEY DECIMAL CLASSIFICATION NUMBER
Classification number 362.19
Item number SINC
100 ## - MAIN ENTRY--PERSONAL NAME
Personal name Arvind Singhal
9 (RLIN) 121068
245 ## - TITLE STATEMENT
Title Combating AIDS
Remainder of title : communication strategies in action
260 ## - PUBLICATION, DISTRIBUTION, ETC.
Name of publisher, distributor, etc. Sage Publications
Date of publication, distribution, etc. 2003
300 ## - PHYSICAL DESCRIPTION
Extent 425p.
Other physical details PB
Dimensions 21.5x14cm.
365 ## - TRADE PRICE
Price amount 320
Currency code INR
700 ## - ADDED ENTRY--PERSONAL NAME
Personal name Rogers, Everett M
9 (RLIN) 244474
906 ## - LOCAL DATA ELEMENT F, LDF (RLIN)
a action. ; AIDS: ; Combating ; communication ; strategies
942 ## - ADDED ENTRY ELEMENTS (KOHA)
Source of classification or shelving scheme Dewey Decimal Classification
Koha item type Book
Holdings
Withdrawn status Lost status Damaged status Not for loan Collection code Home library Current library Date acquired Source of acquisition Cost, normal purchase price Total Checkouts Full call number Barcode Date last seen Date last checked out Price effective from Koha item type
        MSW St Aloysius PG Library St Aloysius PG Library 12/17/2003 Intel Book Distributers 320.00 1 362.19 SINC PG020480 02/13/2023 02/03/2023 04/26/2021 Book